000 00361pab a2200145 454500
008 180718b1983 xxu||||| |||| 00| 0 eng d
100 _aCraig, Tom
245 _aThe Commonwealth community of universities
260 _c1983
300 _a331-8
362 _aJuly
650 _aAssociation of Commonwealth Universities
773 _aRound Table
909 _a4026
999 _c4026
_d4026